Science and technology

Bibliographic Details
Format: Book
Published: Oxford : Uni.Press , 1993
Subjects:

MARC

LEADER 00000cam a2200000 7i4500
001 0000002950
002 000003194
005 20020812.0
020 |a 0199101434 
090 0 0 |a 303 483   |b SCI 
245 0 0 |a Science and technology 
260 |a Oxford :   |b Uni.Press ,   |c 1993 
300 |a 160 p. :   |b ill. ;   |c 28 cm. 
650 0 0 |a Science   |x Juvenile literature 
999 |a 036502   |b BUKU   |c JUNIOR REFERENCE   |e PERPUSTAKAAN KOMUNITI PETALING JAYA